الحكم الشرعي و القانوني للفحص الطبي ما قبل الزواج : (رقم التسجيلة. 135888)

تفاصيل مارك
000 -الفاتح
عناصر البيانات ثابتة الطول 00923cam a2200229 i 4500
005 - تاريخ ووقت آخر معاملة
حقل ضبط 20251214105618.0
008 - عناصر البيانات ثابتة الطول
عناصر البيانات ثابتة الطول 250721s2016 jo gr 000 0 ara d
082 14 - رقم تصنيف ديوي العشري
رقم التصنيف 216.51
رقم المادة ز ب ي
100 1# - مدخل رئيسي – اسم شخصي
الاسم الشخصي الزبيدي، أحمد عبد الله الكواس
علاقة الشخص بالعمل/ دوره مؤلف.
245 12 - بيان العنوان
العنوان الحكم الشرعي و القانوني للفحص الطبي ما قبل الزواج :
بقية العنوان دراسة فلسفية مقارنة - /
بيان المسؤولية الدكتور عبدالله الكواس الزبيدي.
250 ## - بيان الطبعة
بيان الطبعة الطبعه الاولى.
264 31 - بيانات النشر، التوزيع…إلخ
مكان النشر، التوزيع...إلخ عمان :
اسم الناشر، الموزع...إلخ السواقي العلمية للنشر و التوزيع،
تاريخ النشر، التوزيع...إلخ 2016.
300 ## - الوصف المادي
عدد الوحدات المكونة للوعاء 296 صفحة.
650 17 - مدخل إضافي بالموضوع - مصطلح موضوعي
مصطلح موضوعي أو اسم جغرافي كعنصر مدخل الاحكام.
650 17 - مدخل إضافي بالموضوع - مصطلح موضوعي
مصطلح موضوعي أو اسم جغرافي كعنصر مدخل الزواج.
650 17 - مدخل إضافي بالموضوع - مصطلح موضوعي
مصطلح موضوعي أو اسم جغرافي كعنصر مدخل الفقه الاسلامي.
650 17 - مدخل إضافي بالموضوع - مصطلح موضوعي
مصطلح موضوعي أو اسم جغرافي كعنصر مدخل الفلسفة.
650 17 - مدخل إضافي بالموضوع - مصطلح موضوعي
مصطلح موضوعي أو اسم جغرافي كعنصر مدخل الامراض.
650 17 - مدخل إضافي بالموضوع - مصطلح موضوعي
مصطلح موضوعي أو اسم جغرافي كعنصر مدخل الفحص الطبي.
942 ## - بيانات إضافية (كوها)
نوع التنصيف Dewey Decimal Classification
نوع المادة (كوها) كتب
المقتنيات
حالة السحب حالة الفقدان مصدر التصنيف حالة التلف غير قابل للإعارة المكتبة الرئيسية المكتبة الحالية موقع الرف تاريخ التزويد الرقم المتسلسل Total Checkouts رقم الإستدعاء الباركود تاريخ آخر ظهور تاريخ الفاتورة نوع المادة (كوها)
    Dewey Decimal Classification     المكتبة المركزية المكتبة المركزية الإعارة 28/07/2025 1648569   216.51 / ز ب ي PLD00401889 28/07/2025 28/07/2025 كتب
    Dewey Decimal Classification     مكتبة الاميرة بديعة مكتبة الاميرة بديعة الإعارة 21/12/2016 1648571   216.51/ز PLD00402374 28/07/2025 21/12/2016 كتب
Implemented & Customized by: BBB with SCIT (Smart Chains for Information Technology)

Powered by Koha